000 00631nam a22002297a 4500
003 UA-OsUOA
001 21913
007 ta
008 20031215b un ||||| |||| 00| 0 ukr d
090 _a024
_bЗ-41
942 _cBK
040 _aUA-OsUOA
_bukr
_cUA-OsUOA
_dUA-OsUOA
245 _aЗбірник наукових праць відділу рукописних, стародрукованих та рідкісних книг ім. Ф.П. Максименка
300 _a154 с.
955 _a0
041 _aukr
080 _a024
260 _aЛьвів
_c1997
044 _aUA
650 7 _2UDC
999 _c308123
_d308123